000 00482nam a2200205Ia 4500
008 170918s9999 xx 000 0 und d
020 _a9780142415245
050 _bF583 2009
100 _aFlanagan, John
245 4 _aThe siege of Macindaw /
245 _cby John Flanagan.
260 _aUSA :
260 _bPuffin Books,
260 _c2009
300 _a293 pages :
300 _billustrations ;
300 _c19cm.
300 _eRanger's apprentice ;
440 _a6
999 _c343375
_d343375